La calidad ambiental en Necochea (Registro nro. 22882)

Detalles MARC
000 -LEADER
fixed length control field 00375 a2200133 4500
001 - CONTROL NUMBER
control field ART_46581
005 - DATE AND TIME OF LATEST TRANSACTION
control field 20260410161827.0
008 - FIXED-LENGTH DATA ELEMENTS--GENERAL INFORMATION
fixed length control field 260409a
100 1# - MAIN ENTRY--PERSONAL NAME
Personal name Maffioni, Julieta
245 10 - TITLE STATEMENT
Title La calidad ambiental en Necochea
700 1# - ADDED ENTRY--PERSONAL NAME
Personal name Bertoni, Marcela
700 1# - ADDED ENTRY--PERSONAL NAME
Personal name Faginas, Valeria
773 0# - HOST ITEM ENTRY
Title FACES
Related parts - Año 22, Nº 46 (ene./jun. 2016)
Record control number REV5046

No hay ítems disponibles.